| 000 | 00839nam a2200265 4500 | ||
|---|---|---|---|
| 001 | 2197711 | ||
| 003 | OSt | ||
| 005 | 20230704082427.0 | ||
| 008 | 740327s1974 ctub b 001 0 eng | ||
| 010 | _a 73086921 | ||
| 020 | _a0300016395 | ||
| 040 |
_aDLC _cDLC _dDLC |
||
| 043 |
_ae-uk--- _af-ke--- |
||
| 082 | 0 | 0 |
_a338.967 _bWOL |
| 100 | 1 | _aWolff, Richard D. | |
| 245 | 1 | 4 |
_aThe economics of colonialism: Britain and Kenya, 1870-1930 _c[by] Richard D. Wolff. |
| 260 |
_aNew Haven, _bYale University Press, _c1974. |
||
| 300 |
_axv, 203 p. _bmaps. _c23 cm. |
||
| 490 | 0 | _aYale series in economic history | |
| 504 | _aBibliography: p. 179-192. | ||
| 651 | 0 |
_aKenya _xEconomic policy. |
|
| 651 | 0 |
_aGreat Britain _xColonies _xEconomic conditions _xCase studies. |
|
| 906 |
_a7 _bcbc _corignew _d2 _eopcn _f19 _gy-gencatlg |
||
| 942 |
_2ddc _cBK |
||
| 999 |
_c3549 _d3549 |
||